Capitales du Monde - QUIZ aléatoire - Statistiques

Statistiques générales
  • Ce quiz a été pris 48 fois
  • Le résultat moyen est 86 sur 193
Statistiques - réponses
Pays Capitale % Correct
Mexique Mexico
93%
Inde New Delhi
83%
Royaume-Uni Londres
79%
Monaco Monaco
79%
Portugal Lisbonne
76%
France Paris
76%
Allemagne Berlin
72%
Belgique Bruxelles
72%
Algérie Alger
69%
Pays-Bas Amsterdam
69%
Italie Rome
69%
Autriche Vienne
69%
Grèce Athènes
66%
Roumanie Bucarest
66%
Uruguay Montevideo
66%
Canada Ottawa
66%
Suède Stockholm
66%
Pologne Varsovie
66%
Suisse Berne
62%
Colombie Bogota
62%
Hongrie Budapest
62%
Bangladesh Dacca
62%
Malte La Valette
62%
Chine Pékin
62%
République Tchèque Prague
62%
Maroc Rabat
62%
Japon Tokyo
62%
Tunisie Tunis
62%
Paraguay Asuncion
59%
Iraq Bagdad
59%
Brésil Brasilia
59%
Danemark Copenhague
59%
Irlande Dublin
59%
Viet Nam Hanoï
59%
Finlande Helsinki
59%
Israël / Palestine Jérusalem
59%
Ukraine Kiev
59%
Luxembourg Luxembourg
59%
Espagne Madrid
59%
Haïti Port-au-Prince
59%
Saint-Marin Saint-Marin
59%
Corée du Sud Séoul
59%
Liechtenstein Vaduz
59%
Croatie Zagreb
59%
Türkiye (Turquie) Ankara
55%
Thaïlande Bangkok
55%
Liban Beyrouth
55%
Argentine Buenos Aires
55%
Indonésie Jakarta / Nusantara
55%
Russie Moscou
55%
Norvège Oslo
55%
Afrique du Sud Pretoria / Le Cap / Bloemfontein
55%
Lettonie Riga
55%
Lituanie Vilnius
55%
Andorre Andorre-la-Vieille
52%
Kazakhstan Astana
52%
Mali Bamako
52%
Australie Canberra
52%
Venezuela Caracas
52%
Moldavie Chisinau
52%
Sénégal Dakar
52%
Qatar Doha
52%
Sierra Leone Freetown
52%
Pérou Lima
52%
Niger Niamey
52%
Chili Santiago
52%
Singapour Singapour
52%
Albanie Tirana
52%
Etats-Unis d'Amérique Washington
52%
Azerbaïdjan Bakou
48%
Syrie Damas
48%
Guyana Georgetown
48%
Jamaïque Kingston
48%
Saint-Vincent-et-les-Grenadines Kingstown
48%
Cuba La Havane
48%
Philippines Manille
48%
Biélorussie (Bélarus) Minsk
48%
Tchad N'Djamena
48%
Corée du Nord Pyongyang
48%
Islande Reykjavik
48%
Bulgarie Sofia
48%
Iran Téhéran
48%
Nouvelle-Zélande Wellington
48%
Emirats Arabes Unis Abou Dabi
45%
Slovaquie Bratislava
45%
Djibouti Djibouti
45%
République Démocratique du Congo Kinshasa
45%
Koweït Koweït
45%
Egypte Le Caire
45%
Slovénie Ljubljana
45%
Chypre Nicosie
45%
Mongolie Oulan-Bator
45%
Panama Panama
45%
Yémen Sanaa
45%
El Salvador San Salvador
45%
Bosnie-Herzégovine Sarajevo
45%
Estonie Talinn
45%
Cameroun Yaoundé
45%
Turkménistan Achgabat
41%
Jordanie Amman
41%
Samoa Apia
41%
République du Congo Brazzaville
41%
Afghanistan Kaboul
41%
Malaisie Kuala Lumpur
41%
Kenya Nairobi
41%
Suriname Paramaribo
41%
Cap-Vert (Cabo Verde) Praia
41%
Equateur Quito
41%
Macédoine du Nord Skopje
41%
Bolivie Sucre / La Paz
41%
Ouzbékistan Tachkent
41%
Géorgie Tbilissi
41%
Ethiopie Addis-Abeba
38%
Serbie Belgrade
38%
Belize Belmopan
38%
Guinée-Bissau Bissau
38%
Sainte-Lucie Castries
38%
Guinée Conakry
38%
Guatemala Guatemala
38%
Pakistan Islamabad
38%
Gabon Libreville
38%
Togo Lomé
38%
Somalie Mogadiscio
38%
Libéria Monrovia
38%
Cambodge Phnom Penh
38%
Dominique Roseau
38%
République Dominicaine Saint-Domingue
38%
Ghana Accra
34%
Madagascar Antananarivo
34%
Gambie Banjul
34%
Kirghizistan Bichkek
34%
Timor-Leste Dili
34%
Soudan du Sud Djouba
34%
Arménie Erevan
34%
Botswana Gaborone
34%
Zimbabwe Harare
34%
Népal Katmandou
34%
Soudan Khartoum
34%
Rwanda Kigali
34%
Comores Moroni
34%
Burkina Faso Ouagadougou
34%
Monténégro Podgorica
34%
Arabie Saoudite Riyad
34%
Sri Lanka Sri Jayawardenapura Kotte
34%
Libye Tripoli
34%
Erythrée Asmara
31%
République Centrafricaine Bangui
31%
Saint-Kitts-et-Nevis Basseterre
31%
Barbade Bridgetown
31%
Tuvalu Funafuti
31%
Burundi Gitega
31%
Ouganda Kampala
31%
Angola Luanda
31%
Maldives Malé
31%
Nicaragua Managua
31%
Bahreïn Manama
31%
Oman Mascate
31%
Lesotho Maseru
31%
Bahamas Nassau
31%
Mauritanie Nouakchott
31%
Tonga Nuku'alofa
31%
Trinité-et-Tobago Port d'Espagne
31%
Maurice Port-Louis
31%
Bénin Porto-Novo
31%
Costa Rica San José
31%
Sao Tomé-et-Principe Sao Tomé
31%
Honduras Tegucigalpa
31%
Seychelles Victoria
31%
Namibie Windhoek
31%
Côte d'Ivoire Yamoussoukro
31%
Nigéria Abuja
28%
Brunéi Darussalam Bandar Seri Begawan
28%
Tanzanie Dodoma
28%
Tadjikistan Douchanbé
28%
Malawi Lilongwe
28%
Mozambique Maputo
28%
Eswatini Mbabane
28%
Micronésie (Etats fédérés de) Palikir
28%
Papouasie - Nouvelle - Guinée Port-Moresby
28%
Zambie Lusaka
24%
Îles Marshall Majuro
24%
Guinée équatoriale Malabo
24%
Myanmar (Birmanie) Naypyidaw
24%
Vanuatu Port - Vila
24%
Grenade Saint-Georges
24%
Fidji Suva
24%
Bhoutan Thimphou
24%
Laos Ventiane
24%
Nauru Yaren
24%
Palaos Ngerulmud
21%
îles Salomon Honiara
17%
Antigua-et-Barbuda Saint John's
17%
Kiribati Tarawa - sud
17%
Aucun quiz correspondant
Distribution des résultats
% des personnes avec chaque résultat
Percentile par nombre de réponses
Votre historique - résultats
Vous n’avez pas pris ce quiz